| 000 | 01098cab a2200289 4500 | ||
|---|---|---|---|
| 001 | ABS54820 | ||
| 008 | 090401t1996 xxu||||| |||| 00| 0 eng d | ||
| 035 | _a(Sirsi) u12391 | ||
| 041 | _aeng | ||
| 100 | _aRikor, M. | ||
| 245 | _aElectromagnetic radiation field property devaluation | ||
| 260 | _c1996 | ||
| 350 | _a0 | ||
| 490 |
_aAppraisal Journal _v64(1) January 1996, 87-90(4) |
||
| 520 | _aReviews "Criscuola v Power Authority of the State of New York" a decision of the New York State Court of Appeals (1995) which provides a means to obtain damages due to the diminution of property values as a result of proximity to an electromagnetic radiation field. Explores the ramifications of the decision and its application to valuation problems. (United States) | ||
| 650 | _aDIMINUTION IN VALUE | ||
| 650 | _aELECTRICITY PYLONS | ||
| 650 | _aELECTROMAGNETIC FIELDS | ||
| 650 | _aELECTROMAGNETISM | ||
| 650 | _aHEALTH HAZARDS | ||
| 650 | _aPOWER LINES | ||
| 650 | _aPROPERTY VALUES | ||
| 650 | _aVALUE | ||
| 690 | _aRATING AND VALUATION | ||
| 942 | _n0 | ||
| 948 | _c04/03/1997 | ||
| 999 |
_c7920 _d7920 |
||